Estatísticas para Quiz das Moedas do Mundo

Clique aqui para jogar o quiz

Estatísticas Gerais

  • Esse quiz foi jogado 11 693 vezes
    (5 678 desde o último reset)
  • A pontuação média é 13 de 72

Estatísticas das Respostas

PaísesMoeda% Correto
EUA, Canadá, Austrália, outros...Dólar
96%
França, Portugal, Itália, outros...Euro
96%
BrasilReal
96%
México, Argentina, Chile, outros...Peso
89%
Reino Unido, Egito, Sudão, outros...Libra
72%
JapãoIene
68%
Suíça, RD Congo, R Congo, outros...Franco
41%
Rússia, BielorrússiaRublo
36%
VenezuelaBolívar
34%
Suécia, Noruega, Dinamarca, outros...Coroa
30%
ChinaIuane
28%
Índia, Indonésia, Paquistão, outros...Rupia
28%
Coréia do Norte, Coréia do SulWon
28%
Iraque, Argélia, Líbia, outros...Dinar
26%
ParaguaiGuarani
25%
Irã, Arábia Saudita, Omã, outros...Rial
25%
AngolaKwanza
23%
TurquiaLira
22%
PeruSol
20%
BolíviaBoliviano
16%
Cabo VerdeEscudo
15%
Bósnia e HerzegovinaMarco
15%
HungriaFlorim
12%
AlbâniaLek
12%
África do SulRand
12%
Romênia, MoldáviaLeu
11%
BulgáriaLev
11%
Somália, Quênia, Uganda, TanzâniaXelim
11%
PolôniaZlóti
11%
Costa RicaColón
10%
Marrocos, EAUDirame
10%
IsraelSiclo
10%
AfeganistãoAfegani
9%
TailândiaBaht
9%
PanamáBalboa
9%
ArmêniaDram
9%
Azerbaijão, TurquemenistãoManat
9%
MoçambiqueMetical
9%
Zimbábue, BotswanaPula
9%
GuatemalaQuetzal
9%
BangladeshTaka
9%
EtiópiaBirr
8%
HaitiGurde
8%
LaosKipe
8%
HondurasLempira
8%
CambojaRiel
8%
Uzbequistão, QuirguistãoSom
8%
GanaCedi
7%
GâmbiaDalasi
7%
VietnameDongue
7%
UcrâniaGrívnia
7%
Zâmbia, MalawiKwacha
7%
GeórgiaLari
7%
NigériaNaira
7%
MalásiaRinguite
7%
CazaquistãoTengue
7%
MadagáscarAriari
6%
NicaráguaCórdoba
6%
Papua Nova GuinéKina
6%
BirmâniaKyat
6%
Serra LeoaLeone
6%
LesotoLoti
6%
EritreiaNakfa
6%
ButãoNgultrum
6%
São Tomé e PríncipeDobra
5%
TongaPa'anga
5%
TajiquistãoSomoni
5%
SamoaTala
5%
MongóliaTugrik
5%
MauritâniaUguia
5%
VanuatuVatu
5%
EssuatíniLilangeni
4%

Distribuição das Pontuações

Percentil de Números Respondidos

Porcentagem de Pessoas com Cada Pontuação

Sua Pontuação Histórica

Você não jogou esse quiz desde o último reset